| 000 | 01882nam a2200349 a 4500 | ||
|---|---|---|---|
| 999 |
_c346691 _d346691 |
||
| 003 | BLK | ||
| 005 | 20250611123026.0 | ||
| 008 | 191121b bu ||||| |||| 00| 0 bu d | ||
| 020 | _a9789545872099 | ||
| 040 | _aBLK | ||
| 041 |
_aBUL _cBUL |
||
| 080 |
_aПсихология на детската възраст. Интелектуално развитие на децата. Психически особености. Детски представи, описани в разкази _b159.922.7 _z159.922.7 |
||
| 080 |
_aСемейна етика. Вж и 176 ; 343.3/.7 ; 347.6 ; 392 _b173 _z173 |
||
| 080 |
_aПсихоанализа _b159.964.2 _z159.964.2 |
||
| 080 |
_aВъзпитание у дома. Семейно възпитание _b37.018.1 _z37.018.1 |
||
| 100 |
_aДолто, Франсоаз _eпърви автор _91299 |
||
| 139 |
_aДолто, Франсоаз _bД 75 |
||
| 245 |
_aВ играта на желанието _bКлинични есета _cФрансоаз Долто; прев. от фр. Анастасия Гамова, Вяра Любенова, Павлина Рибарова _nЧ. 1 |
||
| 260 |
_9209989 _aСофия _bКХ - Критика и Хуманизъм _c2017 |
||
| 300 |
_a268 с _c21 см |
||
| 380 | _a1 | ||
| 490 |
_9207706 _aСерия Случаи |
||
| 650 | 7 |
_9153033 _aДетска и педагогическа психология |
|
| 650 | 7 |
_9170797 _aСемейно възпитание |
|
| 650 | 7 |
_9168303 _aПсихоанализа |
|
| 700 |
_91177 _aГамова, Анастасия Ненкова _eпрев. от фр. |
||
| 700 |
_9294452 _aЛюбенова, Вяра _eпрев. от фр. |
||
| 700 |
_9276802 _aРибарова, Павлина Стефанова _eпрев. от фр. |
||
| 942 |
_cKNG _n0 _s1 _07 |
||
| 944 |
_aCR _c2019-11-21 _k30530 _lМинев Младен |
||
| 999 | _d346691 | ||